Mémoire sur l'histoire du Nil /
Main Author:
Format: Book
Language: French
Published:
Le Caire :
Impr. de l'Institut français d'archéologie orientale,
1925.
Series:
Memoires de l'Institut d'Egypte ;
8-10.
MIE ;
8-10.
Subjects:
Tags: Add Tag
Call Number: DT43 .I625 v.8-10
| LEADER | 00855namaa2200265 4500 | ||
|---|---|---|---|
| 001 | 18847 | ||
| 003 | OSt | ||
| 005 | 20260429061749.0 | ||
| 008 | 130303s1925 ua bef 000 0 fre d | ||
| 010 | |a 26002192 | ||
| 040 | |c ARCE Library | ||
| 043 | |a f-ua--- | ||
| 050 | 4 | |a DT43 .I625 v.8-10 | |
| 100 | 1 | |a Ṭūsūn, ʻUmar, |c Prince, |d 1872-1944, |e author |9 41355 | |
| 245 | 1 | 0 | |a Mémoire sur l'histoire du Nil / |c Par Omar Toussoun. |
| 264 | 1 | |a Le Caire : |b Impr. de l'Institut français d'archéologie orientale, |c 1925. | |
| 300 | |a 3 volumes : |b plates, maps (part fold.), plans ; |c 28 cm. | ||
| 490 | 0 | |a Memoires de l'Institut d'Egypte ; |v 8-10. | |
| 490 | 0 | |a MIE ; |v 8-10. | |
| 500 | |a At head of title : S. A. le prince Omar Toussoun. | ||
| 555 | |a wafaa.lib. | ||
| 651 | 0 | |a Nile river |x History. | |
| 901 | |a reviewed | ||
| 942 | |c BK |2 lcc | ||
| 999 | |c 20224 |d 20224 | ||
